000 00887nam a2200265 i 4500
003 DO-SdBNP
005 20250429151438.0
007 ta
008 250429b2024 dr ||||| |||| 00| 0 spa d
020 _a9789945654837
040 _aDO-SdBNP
_bspa
_cBNPHU
_erda
082 _axxx
_bF727
_222
245 0 3 _aLa Escritura de Miguel Ángel Fornerín /
_ceditor, Carlos X. Ardavín Trabanco
264 1 _aSanto Domingo :
_bEditorial Santuario,
_c2024.
300 _a199 página :
_c24 cm.
336 _atexto
_btxt
_2rdacontent
337 _asin mediación
_bn
_2rdamedia
338 _avolumen
_bnc
_2rdacarrier
500 _aIncluye datos biografícos del editor en la solapa de la portada.
590 _aInventariado, 2024/ YL
600 1 _aFornerín, Miguel Ángel
_987575
700 _aArdavín Trabanco, Carlos X.,
_d1967-
_920519
_eeditor
_4ed.
910 _aYLockward
942 _2ddc
_cLBS1
999 _c58210
_d58210